Statistics for Top 50 Most Streamed twenty one pilots Songs

Click here to take the quiz!

General Stats

  • This quiz has been taken 22 times
  • The average score is 28 of 50

Answer Stats

HintAnswer% Correct
2,089,704,544Stressed Out
100%
1,579,389,635Ride
95%
460,144,502Car Radio
90%
1,629,856,324Heathens
90%
472,933,146Chlorine
85%
241,562,920Jumpsuit
85%
70,498,489Pet Cheetah
75%
350,157,006Heavydirtysoul
70%
105,513,455Levitate
70%
240,420,951Migraine
70%
253,934,977My Blood
70%
183,163,471Shy Away
70%
89,999,187Bandito
65%
74,045,975Choker
65%
307,077,861House of Gold
65%
139,575,128Morph
65%
210,933,564Nico and The Niners
65%
257,939,219The Judge
65%
146,219,436Trees
65%
174,771,263Guns For Hands
60%
294,624,292Lane Boy
60%
188,911,210Message Man
60%
83,392,055Neon Gravestones
60%
152,868,976Ode to Sleep
60%
98,320,196Saturday
60%
490,765,364Tear in My Heart
60%
247,821,870Doubt
55%
161,061,588Goner
55%
202,067,999Polarize
55%
225,165,507Holding on to You
50%
181,544,414Hometown
50%
103,952,852Smithereens
50%
128,559,162The Hype
50%
64,118,997Legend
45%
247,934,731Level of Concern
45%
140,551,153Not Today
45%
65,474,477The Outside
45%
112,201,797Truce
45%
133,459,899Screen
40%
155,325,347Cancer
35%
88,302,413Cut My Lip
35%
189,250,032We Don't Believe What's On TV
35%
75,442,387Addict With a Pen
30%
126,868,703Fake You Out
30%
102,732,935Fall Away
30%
83,334,806Johnny Boy
30%
110,255,023Semi-Automatic
30%
140,159,641The Run and Go
30%
216,892,117Fairy Local
20%
96,262,965Oh Ms. Believer
15%

Score Distribution

Percentile by Number Answered

Percent of People with Each Score

Your Score History

You have not taken this quiz